Az aradi tizenhármak

Elmentve itt :
Bibliográfiai részletek
Szerző: MEZEI József
Adatforrás:Meister
Forrásdokumentuma:Művelődés. -
10 sz., 1990, 6 p.
Nyelv:magyar
Kulcsszavak:politikai publicisztika
Arad
LEADER 00342nab a2200133 i 4500
001 bibPRO00002744
008 060524s1990 xx hun
040 |a Sz1 
041 |a hun 
100 1 |a MEZEI József 
245 1 3 |a Az aradi tizenhármak  |c MEZEI József 
695 |a politikai publicisztika 
695 |a Arad 
773 0 |t Művelődés. -  |g 10 sz., 1990, 6 p.